| 000 | 00842nmm a2200277 a 4500 | ||
|---|---|---|---|
| 003 | AR-BaBNM | ||
| 005 | 20251128210310.0 | ||
| 008 | 209119s1999 ||||||||||||||000 | spa|| | ||
| 020 | _a950-701-535-3 | ||
| 040 | _cAR-BaBNM | ||
| 100 | 1 | _aKopitowski, Ada | |
| 245 | 1 | 0 |
_aEnseñanza de la matemática _bentre el discurso y la práctica |
| 250 | _a1ª ed. | ||
| 260 |
_aBuenos Aires _bAique _c1999 |
||
| 300 |
_a107 p. _bgráfs. |
||
| 500 | _aEste trabajo fue distinguido con el premio "Profesor Leopoldo Varela" 1996 | ||
| 504 | _aContiene bibliografía p. 105-107 | ||
| 650 | 4 | _aENSENANZA DE LAS MATEMATICAS | |
| 650 | 4 | _aCONCEPTOS MATEMATICOS | |
| 650 | 4 | _aCONCEPTOS ARITMETICOS | |
| 650 | 4 | _aROL DEL DOCENTE | |
| 650 | 4 | _aPARTICIPACION DE LOS PADRES | |
| 653 | _aOPERACIONES MATEMATICAS | ||
| 942 | _cBK | ||
| 998 | _cRaquel | ||
| 999 |
_c14853 _d14853 |
||